El Facismo: la barbarie moderna (y II) /
Se abordan algunos aspectos medulares del fascismo. De especial importancia es el análisis de la estética y de la propaganda nazi. La inquietud que queda es si la barbarie institucionalizada del fascismo es exclusiva de esta ideología, o es, más bien, una consecuencia del concepto ilustrado de progr...
Guardado en:
| Hovedforfatter: | |
|---|---|
| Format: | Texto |
| Fag: | |
| Tags: |
Tilføj Tag
Ingen Tags, Vær først til at tagge denne postø!
|
MARC
| LEADER | 00000 a a2200000 04500 | ||
|---|---|---|---|
| 001 | 13274 | ||
| 003 | |||
| 040 | |||
| 100 | |a Catalán, José Ramón | ||
| 245 | |a El Facismo: |b la barbarie moderna (y II) / |c José Ramón Catalán | ||
| 520 | |a Se abordan algunos aspectos medulares del fascismo. De especial importancia es el análisis de la estética y de la propaganda nazi. La inquietud que queda es si la barbarie institucionalizada del fascismo es exclusiva de esta ideología, o es, más bien, una consecuencia del concepto ilustrado de progreso, al que va unida la barbarie | ||
| 650 | |a PROPAGANDA | ||
| 650 | |a DESARROLLO SOCIAL | ||
| 650 | |a DESARROLLO POLITICO | ||
| 650 | |a PARTIDOS POLITICOS | ||
| 650 | |a NACION | ||
| 650 | |a ESTADO | ||
| 650 | |a EXTREMISMO | ||
| 650 | |a ITALIA | ||
| 650 | |a ALEMANIA | ||
| 773 | |g número 112; páginas 229-246 | ||
| 999 | |c 37468 |d 37468 | ||
